LEADER 01055nam--2200361---450- 001 990001568660203316 005 20060706111858.0 035 $a000156866 035 $aUSA01000156866 035 $a(ALEPH)000156866USA01 035 $a000156866 100 $a20040415d1977----km-y0itay0103----ba 101 0 $aita 102 $aIT 105 $a||||||||001yy 200 1 $aAnziani e società industriale$fAurelia Florea$gpresentazione di Ferrarotti Franco 210 $aNapoli$cLiguori$d1977 215 $a160 p.$d20 cm 225 2 $aContributi di sociologia$v37 410 0$12001$aContributi di sociologia$v37 454 1$12001 461 1$1001-------$12001 676 $a301.435 700 1$aFLOREA,$bAurelia$0120281 801 0$aIT$bsalbc$gISBD 912 $a990001568660203316 951 $aII.5. 687(XV B coll. 113/37)$b87042 L.M.$cV B 959 $aBK 969 $aUMA 979 $aSIAV1$b10$c20040415$lUSA01$h1344 979 $aCOPAT7$b90$c20060706$lUSA01$h1118 996 $aAnziani e società industriale$9274293 997 $aUNISA LEADER 01627nas 2200541-a 450 001 996198233203316 005 20230430213019.0 011 $a1687-1847 035 $a(OCoLC)59228023 035 $a(CKB)111082654853054 035 $a(CONSER)--2006242013 035 $a(MiAaPQ)237355 035 $a(DE-599)ZDB2132815-8 035 $a(EXLCZ)99111082654853054 100 $a20050421a20049999 s-- - 101 0 $aeng 135 $aurcn#|||||||| 181 $ctxt$2rdacontent 182 $cc$2rdamedia 183 $acr$2rdacarrier 200 10$aAdvances in difference equations 210 $aNew York, N.Y. $cHindawi Pub. Corp.$d2004- 215 $a1 online resource 300 $aRefereed/Peer-reviewed 311 $a1687-1839 531 $aADV. DIFFERENCE EQU 531 $aADV DIFFER EQU-NY 531 $aADV. DIFFER. EQU 531 $aADV DIFF EQU 606 $aDifference equations$vPeriodicals 606 $aMathematics$vPeriodicals 606 $aMathématiques$vPériodiques 606 $aÉquations aux différences$vPériodiques 606 $aMathematics$2fast$3(OCoLC)fst01012163 606 $aDifference equations$2fast$3(OCoLC)fst00893419 608 $aPeriodicals.$2lcgft 608 $aPeriodicals.$2fast 615 0$aDifference equations 615 0$aMathematics 615 6$aMathématiques 615 6$aÉquations aux différences 615 7$aMathematics. 615 7$aDifference equations. 712 02$aHindawi Publishing Corporation, 906 $aJOURNAL 912 $a996198233203316 996 $aAdvances in difference equations$92219331 997 $aUNISA